Statystyki dla QUIZ NAJWIĘKSZE KRAJE AFRYKI

Kliknij tutaj aby rozwiązać quiz!

Ogólne statystyki

  • Ten quiz został rozwiązany 19 razy
  • Średni wynik to 13 z 15

Statystyki odpowiedzi

PYTANIEODPOWIEDŹ% Poprawnych
1.ALGIERIA
100%
2.DEMOKRATYCZNA REPUBLIKA KONGA
100%
12.EGIPT
100%
9.RPA
94%
7.ANGOLA
88%
5.CZAD
88%
4.LIBIA
88%
6.NIGER
88%
14.NIGERIA
88%
3.SUDAN
82%
10.ETIOPIA
71%
8.MALI
71%
11.MAURETANIA
71%
15.NAMIBIA
71%
13.TANZANIA
65%

Rozkład punktacji

Percentyl według liczby udzielonych odpowiedzi

Procent ludzi z każdym wynikiem

Twoja historia wyników

Nie rozwiązałeś tego quizu